000 00388cam a2200157ua 4500
041 _aeng
_h
082 _a828.09
_bRIC/ED
100 _aRichardson, Joanna .
245 _aEdward Fitzgerald /
_cJoanna Richardson.
_hTextual Documents
250 _a1 /
_b.
260 _aLondon :
_bLongman Green and Co ,
_c1960.
300 _a42 ; .
504 _a
942 _cBK
999 _c8627
_d8627